Des vers /

Guardado en:
Detalles Bibliográficos
Autor principal: Maupassant, Guy de (autor)
Otros autores: Fraipont, Gustave (ilustración) (ilustración)
Formato: Libro
Idioma:Francés
Publicado: París, Francia : Librairie Ollendorff, 1904, c1904
Temas:
Etiquetas: Agrega una etiqueta
Sin etiquetas, Sé el primero en etiquetar este registro!

MARC

LEADER 00000nam^a2200000^a^4500
001 000329881
005 20250526000000.0
009 20260310113948.553
037 |a Acervo ITESO - Biblioteca 
041 |a FRA 
082 |a 848.  |b MAU V. 28 
100 |a Maupassant, Guy de  |e (autor) 
245 1 4 |a Des vers /  |c G. de Maupassant ; il. de G. Fraipont. 
264 4 |a París, Francia :  |b Librairie Ollendorff,  |c 1904, c1904 
300 |a 168 p. ;  |c 18.0 cm. 
336 |a texto  |b txt  |2 rdacontenido 
337 |a sin mediación  |b n  |2 rdamedio 
338 |a volumen  |b nc  |2 rdasoporte 
545 0 |a Guy de Maupassant (1850-1893), novelista y cuentista francés. Considerado como uno de los grandes maestros del relato breve de la literatura universal, discípulo de Gustave Flaubert, su narrativa ofrece un despiadado cuadro de la Francia del último cuarto del siglo XIX, a través de historias o cuadros de vida, de corte naturalista, atravesados por temas recurrentes: Normandía, los niños abandonados, amores infelices, la crueldad de la guerra, la indiferencia de la mayoría o la mediocridad de la vida burguesa. Es autor de las novelas Una vida (1883), Bel -Ami (1885), Los dos hermanos (1888), La mano izquierda (1889), Nuestro corazón (1890); entre sus volúmenes de cuentos destacan: Bola de sebo (1880), La casa Teiller (1881), Mademoiselle Fifí (1882), El miedo (1884), El Horla y otros cuentos fantásticos y La Vendetta y otros cuentos de horror. 
649 |a XX 
650 |a Poesía Francesa 
650 |a Literatura Francesa -  |y Siglo XIX 
650 |a Naturalismo en la Literatura -  |z Francia 
700 |a Fraipont, Gustave  |e (ilustración) 
910 |a Fondo General 
920 |a Impresos - Libros 
930 |a Libros Antiguos y Raros 
940 |a Literatura 
905 |a 108 
901 |a 0500219332  |b IT2  |c LRA  |i D60979  |u 20250526 
902 |a https://opac.biblio.iteso.mx/vufind/Record/000329881